000 00360nam a22001457a 4500
005 20200604140828.0
008 200604b xxu||||| |||| 00| 0 eng d
082 _a345.4
110 _aL.I.C
_95787
245 _aL.I.C -2011 (V-3) JULY TO SEPTEMBER
260 _aBOMBAY
_bALL INDIA REPORTER PVT.LTD.
300 _a3600;p
650 _aLAW
_95701
942 _cJRL
999 _c6821
_d6819